| 000 -LEADER |
| fixed length control field |
01617cam a22003734a 4500 |
| 001 - CONTROL NUMBER |
| control field |
16939449 |
| 003 - CONTROL NUMBER IDENTIFIER |
| control field |
NUST |
| 005 - DATE AND TIME OF LATEST TRANSACTION |
| control field |
20230207130221.0 |
| 008 - FIXED-LENGTH DATA ELEMENTS--GENERAL INFORMATION |
| fixed length control field |
110829s2012 nyua b 001 0 eng |
| 010 ## - LIBRARY OF CONGRESS CONTROL NUMBER |
| LC control number |
2011034971 |
| 020 ## - INTERNATIONAL STANDARD BOOK NUMBER |
| International Standard Book Number |
9780375504426 (acidfree paper) |
| 020 ## - INTERNATIONAL STANDARD BOOK NUMBER |
| Canceled/invalid ISBN |
9780679645191 (ebook) |
| 040 ## - CATALOGING SOURCE |
| Original cataloging agency |
DLC |
| Transcribing agency |
DLC |
| Modifying agency |
DLC |
| 042 ## - AUTHENTICATION CODE |
| Authentication code |
pcc |
| 043 ## - GEOGRAPHIC AREA CODE |
| Geographic area code |
a-vt--- |
| -- |
e-fr--- |
| -- |
n-us--- |
| 082 00 - DEWEY DECIMAL CLASSIFICATION NUMBER |
| Classification number |
959.7041,LOG |
| 100 1# - MAIN ENTRY--PERSONAL NAME |
| Personal name |
Logevall, Fredrik, |
| Dates associated with a name |
1963- |
| 9 (RLIN) |
108691 |
| 245 10 - TITLE STATEMENT |
| Title |
Embers of war : |
| Remainder of title |
the fall of an empire and the making of America's Vietnam / |
| Statement of responsibility, etc. |
Fredrik Logevall. |
| 250 ## - EDITION STATEMENT |
| Edition statement |
1st ed. |
| 260 ## - PUBLICATION, DISTRIBUTION, ETC. |
| Place of publication, distribution, etc. |
New York : |
| Name of publisher, distributor, etc. |
Random House, |
| Date of publication, distribution, etc. |
c2012. |
| 300 ## - PHYSICAL DESCRIPTION |
| Extent |
xxii, 839 p. : |
| Other physical details |
ill. ; |
| Dimensions |
25 cm. |
| 505 0# - FORMATTED CONTENTS NOTE |
| Formatted contents note |
Part.1 Liberations, 1940-1945 (Page-23), Part. 2 Colonial Struggle, 1946-1949 (Page-123), Part. 3 East Meets West, 1949-1953 (Page-217), Part. 4 The Cauldron, 1953-1954 (Page-381), Part. 5 Peace of a Kind, 1954 (Page-549), Part. 6 Seizing the Torch, 1954-1959 (Page-617). |
| 650 #0 - SUBJECT ADDED ENTRY--TOPICAL TERM |
| Topical term or geographic name entry element |
Indochinese War, 1946-1954. |
| 9 (RLIN) |
108692 |
| 650 #0 - SUBJECT ADDED ENTRY--TOPICAL TERM |
| Topical term or geographic name entry element |
Indochinese War, 1946-1954 |
| General subdivision |
Diplomatic history. |
| 9 (RLIN) |
108693 |
| 650 #0 - SUBJECT ADDED ENTRY--TOPICAL TERM |
| Topical term or geographic name entry element |
Vietnam War, 1961-1975 |
| General subdivision |
Causes. |
| 9 (RLIN) |
108694 |
| 651 #0 - SUBJECT ADDED ENTRY--GEOGRAPHIC NAME |
| Geographic name |
France |
| General subdivision |
Colonies |
| Geographic subdivision |
Asia. |
| 9 (RLIN) |
108695 |
| 651 #0 - SUBJECT ADDED ENTRY--GEOGRAPHIC NAME |
| Geographic name |
Vietnam |
| General subdivision |
Colonization. |
| 9 (RLIN) |
108696 |
| 651 #0 - SUBJECT ADDED ENTRY--GEOGRAPHIC NAME |
| Geographic name |
Vietnam |
| General subdivision |
Politics and government |
| Chronological subdivision |
1945-1975. |
| 9 (RLIN) |
108697 |
| 651 #0 - SUBJECT ADDED ENTRY--GEOGRAPHIC NAME |
| Geographic name |
United States |
| General subdivision |
Foreign relations |
| Geographic subdivision |
France. |
| 9 (RLIN) |
108698 |
| 651 #0 - SUBJECT ADDED ENTRY--GEOGRAPHIC NAME |
| Geographic name |
France |
| General subdivision |
Foreign relations |
| Geographic subdivision |
United States. |
| 9 (RLIN) |
108699 |
| 651 #0 - SUBJECT ADDED ENTRY--GEOGRAPHIC NAME |
| Geographic name |
United States |
| General subdivision |
Foreign relations |
| Geographic subdivision |
Vietnam. |
| 9 (RLIN) |
108700 |
| 651 #0 - SUBJECT ADDED ENTRY--GEOGRAPHIC NAME |
| Geographic name |
Vietnam |
| General subdivision |
Foreign relations |
| Geographic subdivision |
United States. |
| 9 (RLIN) |
108701 |
| 942 ## - ADDED ENTRY ELEMENTS (KOHA) |
| Source of classification or shelving scheme |
|
| Koha item type |
Book |